Distribution theory and transform analysis : an introduction to generalized functions, with applications /
Guardado en:
| Autor Principal: | |
|---|---|
| Formato: | Libro |
| Idioma: | English |
| Publicado: |
New York :
McGraw-Hill,
c1965.
|
| Series: | International series in pure and applied mathematics
|
| Materias: | |
| Etiquetas: |
Agregar Etiqueta
Sin Etiquetas, Sea el primero en etiquetar este registro!
|
| LEADER | 00825cam a22002175a 4500 | ||
|---|---|---|---|
| 001 | MAT.inmabb005151 | ||
| 008 | 831012s1965####nyua#####b####001#0#eng## | ||
| 005 | 20130305114510.0 | ||
| 245 | 1 | 0 | |a Distribution theory and transform analysis : |b an introduction to generalized functions, with applications / |c A. H. Zemanian. |
| 260 | |a New York : |b McGraw-Hill, |c c1965. | ||
| 300 | |a xiii, 371 p. : |b il. ; |c 24 cm. | ||
| 440 | 0 | |a International series in pure and applied mathematics | |
| 504 | |a Bibliografía: p. 362-365. | ||
| 510 | 4 | |a MR, |c 31 #1556 | |
| 100 | 1 | |a Zemanian, A. H. |q (Armen H.) | |
| 650 | 0 | |a Theory of distributions (Functional analysis) | |
| 650 | 0 | |a Transformations (Mathematics) | |
| 084 | |a 46Fxx (44A05) |2 msc2000 | ||
| 010 | |a 64025602 | ||
| 040 | |a DLC/ICU |c ICU |d DLC |d OCoLC | ||
| 859 | |h 46 |i Z53 |p A-2645 |b BIB. MATEMATICA | ||
